| 000 | 00783pam a2200277 i 4500 | ||
|---|---|---|---|
| 001 | 3681893 | ||
| 003 | SISC | ||
| 005 | 20160204154420.0 | ||
| 008 | 780426t19791969nyuaf 001 0 eng | ||
| 010 | _a 78009000 | ||
| 020 |
_a0668046015 : _c$2.95 |
||
| 040 |
_aDLC _cDLC _dDLC |
||
| 050 | 0 | 0 |
_aSF 285 _b.W24 1992 |
| 082 | 0 | 0 |
_aHS 636.1 _bH78 1960 |
| 100 | 1 |
_aWalter, W. H. _912561 |
|
| 245 | 1 | 0 |
_aW.H. Walter's horse keeper's encyclopedia / _cW. H. Walter. |
| 260 |
_aGreat Britain : _bPaperfronts, _cc1992. |
||
| 300 |
_a224 p. : _bill. ; _c18 cm. |
||
| 490 | 0 | _aAn Arc book | |
| 500 | _aIncludes index. | ||
| 650 | 0 |
_aHorses. _912562 |
|
| 740 | _aHorse keepers encyclopedia. | ||
| 906 |
_a7 _bcbc _corignew _d1 _eocip _f19 _gy-gencatlg |
||
| 942 |
_2lcc _cBK |
||
| 999 |
_c9141 _d9141 |
||